000 01349nam a2200253 u 4500
001 000221618
003 AM-YeHGA
005 20250617124359.0
008 030502s1975 ||||||||||||||||||||rus d
040 _aAM-YeHGA
100 1 _aРусаков, Вадим Иванович
245 1 0 _aОсновы частной хирургии /
_cВ.И. Русаков.
260 _aРостов :
_bИзд-во Рост. ун-та,
_c1975.
300 _aТ. ;
_c22 см.
505 1 0 _gТ. 1 (1975, 428 с.: цв. ил. ; Библиогр.: с. 398-407 ; Алф. указ.: с. 408-414 ; Предм. указ.: с. 415-428.)
_gТ. 2 (1976, 456 с.: цв. ил.)
_gТ. 3 (1977, 476 с.: цв. ил.)
650 1 4 _aХирургия
650 1 4 _aПищеварительной системы болезни
_xЭтиология
_xДиагностика
_xХирургия
650 1 4 _aЖелудочно-кишечные хирургические операции
_xМетоды
650 1 4 _aЩитовидной железы болезни
_xЭтиология
_xДиагностика
_xХирургия
650 1 4 _aТиреоидэктомия
_xМетоды
650 1 4 _aМолочной железы болезни
_xЭтиология
_xДиагностика
_xХирургия
650 1 4 _aМастэктомия
_xМетоды
090 _c78982
999 _c77740
_d77740